[Event "24th Chicago Open"]
[Site "Wheeling, IL"]
[Date "2015.05.25"]
[Round "8"]
[White "Macieja, Bartlomiej"]
[Black "Mandizha, Farai"]
[Result "1-0"]
[WhiteElo "2605"]
[BlackElo "2364"]
[PlyCount "42"]
[EventDate "2015.05.??"]
[EventType "swiss"]
[EventRounds "9"]
[EventCountry "USA"]
[Source "MonRoi"]

1. d4 Nf6 2. c4 e6 3. Nf3 c5 4. d5 exd5 5. cxd5 Bd6 6. Nc3 Bc7 7. g3 d6 8. Bg2
O-O 9. O-O Re8 10. Nd2 Nbd7 11. b3 a6 12. a4 Rb8 13. Bb2 b5 14. axb5 axb5 15.
b4 cxb4 16. Na2 Ba5 17. Nb3 Ne5 18. Nxa5 Qxa5 19. Qb3 Qa4 20. Qxb4 Bd7 21. Bc3
Rb6 1-0

[Event "24th Chicago Open"]
[Site "Wheeling, IL"]
[Date "2015.05.25"]
[Round "8"]
[White "Zapata, Alonso"]
[Black "Vibbert, Sean"]
[Result "0-1"]
[WhiteElo "2452"]
[BlackElo "2312"]
[PlyCount "134"]
[EventDate "2015.05.??"]
[EventType "swiss"]
[EventRounds "9"]
[EventCountry "USA"]
[Source "MonRoi"]

1. e4 c5 2. Nf3 e6 3. d4 cxd4 4. Nxd4 Nc6 5. Nc3 Qc7 6. g3 a6 7. Bg2 d6 8. O-O
Bd7 9. Bf4 Nf6 10. Re1 e5 11. Nxc6 bxc6 12. Bg5 Be7 13. Qd3 O-O 14. Rad1 Bg4
15. Bxf6 Bxf6 16. Qxd6 Qb7 17. Rb1 Rad8 18. Qc5 Rd2 19. Na4 Rfd8 20. Bf1 Be7
21. Qe3 Qb4 22. b3 Rxc2 23. Rec1 Rxa2 24. Rxc6 Qd4 25. Nc3 Qxe3 26. fxe3 Rad2
27. Nd5 Bg5 28. Bg2 Be2 29. h4 Bd3 30. Rbc1 Rxg2+ 31. Kxg2 Bxe4+ 32. Kf2 Bxd5
33. Rc8 Be6 34. Rxd8+ Bxd8 35. Rc6 a5 36. Rd6 Bf6 37. Ra6 h5 38. Rxa5 Bxb3 39.
e4 Kh7 40. Kf3 Be6 41. Rb5 g6 42. Ra5 Kg7 43. Rb5 Kf8 44. Ra5 Ke7 45. Ke3 Kd6
46. Ra6+ Kc5 47. Ra8 Kb6 48. Rb8+ Kc6 49. Re8 Kd7 50. Ra8 Bd8 51. Ra6 Bc4 52.
Ra7+ Kc6 53. Kf3 Bb6 54. Ra8 Be6 55. Ra1 Bd4 56. Rc1+ Kd6 57. Rb1 Bg4+ 58. Kg2
Bd7 59. Rf1 Ke7 60. Rc1 Kd6 61. Rf1 f5 62. exf5 Bxf5 63. Rc1 e4 64. Rc4 Kd5 65.
Ra4 Bg4 66. Ra5+ Bc5 67. Ra4 e3 0-1

[Event "24th Chicago Open"]
[Site "Wheeling, IL"]
[Date "2015.05.25"]
[Round "8"]
[White "Vazquez, Guillermo"]
[Black "Shetty, Atulya"]
[Result "0-1"]
[WhiteElo "2438"]
[BlackElo "2331"]
[PlyCount "54"]
[EventDate "2015.05.??"]
[EventType "swiss"]
[EventRounds "9"]
[EventCountry "USA"]
[Source "MonRoi"]

1. e4 e6 2. d4 d5 3. Nd2 c5 4. Ngf3 cxd4 5. Nxd4 Nf6 6. exd5 Nxd5 7. N2f3 Bb4+
8. Bd2 O-O 9. Bc4 b6 10. O-O Bxd2 11. Qxd2 Bb7 12. Rfe1 Qf6 13. Ng5 Rc8 14. Ne4
Qe7 15. Bxd5 Bxd5 16. Nf5 Qf8 17. Qg5 Kh8 18. Ned6 Rxc2 19. Nh6 gxh6 20. Qf6+
Kg8 21. Re3 Qxd6 22. Qxh6 Nd7 23. Rg3+ Qxg3 24. hxg3 Nf8 25. Qf6 Rac8 26. Re1
Ng6 27. a3 Rd2 0-1

[Event "24th Chicago Open"]
[Site "Wheeling, IL"]
[Date "2015.05.25"]
[Round "8"]
[White "Liang, Awonder"]
[Black "Castillo, Joshua"]
[Result "1-0"]
[WhiteElo "2335"]
[BlackElo "2433"]
[PlyCount "57"]
[EventDate "2015.05.??"]
[EventType "swiss"]
[EventRounds "9"]
[EventCountry "USA"]
[Source "MonRoi"]

1. e4 c5 2. Nf3 d6 3. d4 cxd4 4. Nxd4 Nf6 5. Nc3 a6 6. Bg5 Nbd7 7. f4 Qc7 8.
Qf3 b5 9. O-O-O Bb7 10. Bd3 g6 11. Nd5 Nxd5 12. exd5 Bg7 13. Rhe1 Nf6 14. Nc6
e6 15. f5 O-O 16. fxe6 fxe6 17. Rxe6 Nxd5 18. Qxd5 Bxc6 19. Qb3 Kh8 20. Re7 Qc8
21. Qb4 Bxg2 22. Qxd6 Qg4 23. h4 Qd4 24. Qxd4 Bxd4 25. Bxg6 hxg6 26. Rxd4 Bh3
27. Rd6 Rf1+ 28. Kd2 Bf5 29. h5 1-0

[Event "24th Chicago Open"]
[Site "Wheeling, IL"]
[Date "2015.05.25"]
[Round "8"]
[White "Aponte, Felix"]
[Black "Griffith, Kyron"]
[Result "0-1"]
[WhiteElo "2412"]
[BlackElo "2303"]
[PlyCount "100"]
[EventDate "2015.05.??"]
[EventType "swiss"]
[EventRounds "9"]
[EventCountry "USA"]
[Source "MonRoi"]

1. c4 Nf6 2. Nc3 g6 3. e4 d6 4. d4 Bg7 5. Nf3 O-O 6. Be2 e5 7. dxe5 dxe5 8. O-O
Nbd7 9. Qc2 c6 10. Rd1 Qe7 11. Rb1 a5 12. a3 Nc5 13. Be3 Ng4 14. Bg5 f6 15. Bc1
f5 16. Bg5 Bf6 17. Bxf6 Nxf6 18. b4 axb4 19. axb4 Ncxe4 20. c5 Nxc3 21. Qxc3 e4
22. Nd4 Nd5 23. Bc4 Be6 24. Qb3 Bf7 25. Nc2 Rfd8 26. g3 Nc7 27. Ne3 Nb5 28.
Rxd8+ Rxd8 29. Rd1 Nd4 30. Bxf7+ Qxf7 31. Qxf7+ Kxf7 32. Kf1 Ne6 33. Rxd8 Nxd8
34. Ke2 Ke6 35. Kd2 Nf7 36. Kc3 Ne5 37. h4 Ng4 38. Nc4 Nxf2 39. Na5 Kd5 40.
Nxb7 Nh1 41. Nd6 Nxg3 42. Nc8 Ne2+ 43. Kd2 Nd4 44. Nb6+ Ke6 45. Nc4 f4 46. Nd6
Kd5 47. Nf7 e3+ 48. Kd3 e2 49. Kd2 f3 50. Ng5 f2 0-1

[Event "24th Chicago Open"]
[Site "Wheeling, IL"]
[Date "2015.05.25"]
[Round "8"]
[White "Homa, Seth"]
[Black "Ghatti, Sanjay"]
[Result "1-0"]
[WhiteElo "2366"]
[BlackElo "2255"]
[PlyCount "111"]
[EventDate "2015.05.??"]
[EventType "swiss"]
[EventRounds "9"]
[EventCountry "USA"]
[Source "MonRoi"]

1. d4 d5 2. Nf3 Nf6 3. c4 e6 4. Nc3 Be7 5. Bf4 c5 6. dxc5 Na6 7. cxd5 exd5 8.
e4 dxe4 9. Qxd8+ Bxd8 10. Bxa6 bxa6 11. Nd2 Ba5 12. Be5 Bb7 13. Nc4 Bxc3+ 14.
Bxc3 O-O 15. Bxf6 gxf6 16. Nd6 Bc6 17. O-O Rab8 18. b3 Rb4 19. Rfd1 a5 20. Rac1
Rd8 21. Nf5 Rd7 22. Rxd7 Bxd7 23. Ne7+ Kg7 24. c6 Kf8 25. Nd5 Rd4 26. Ne3 Bc8
27. g4 Ke7 28. Rc5 a4 29. Ra5 axb3 30. Rxa7+ Kd6 31. axb3 Be6 32. Ra8 Kxc6 33.
Rh8 Bxb3 34. Rxh7 Kd7 35. Rh8 Bd1 36. Rh6 Rd6 37. Kg2 Bf3+ 38. Kg3 f5 39. Rxd6+
Kxd6 40. Nxf5+ Ke5 41. Nh6 f6 42. Nf5 Bd1 43. h4 Bb3 44. Nh6 Ba2 45. h5 Be6 46.
Nf5 Bg8 47. Ne7 Bh7 48. Ng6+ Kd4 49. Kf4 Kd3 50. Nf8 Bg8 51. h6 Ke2 52. h7 Bxh7
53. Nxh7 Kxf2 54. Kxe4 Kg3 55. Kf5 Kh4 56. Nxf6 1-0

[Event "24th Chicago Open"]
[Site "Wheeling, IL"]
[Date "2015.05.25"]
[Round "8"]
[White "Studen, Damir"]
[Black "Gurevich, Daniel"]
[Result "1/2-1/2"]
[WhiteElo "2228"]
[BlackElo "2366"]
[PlyCount "215"]
[EventDate "2015.05.??"]
[EventType "swiss"]
[EventRounds "9"]
[EventCountry "USA"]
[Source "MonRoi"]

1. d4 Nf6 2. c4 e6 3. Nc3 Bb4 4. e3 c5 5. Nge2 cxd4 6. exd4 d5 7. a3 Be7 8.
cxd5 Nxd5 9. Nxd5 exd5 10. Nf4 O-O 11. Bd3 Bf6 12. O-O Nc6 13. Be3 g6 14. Rc1
Ne7 15. Rc5 b6 16. Rc3 Bf5 17. Ba6 Qd6 18. Qd2 Bc8 19. Bd3 Bb7 20. Rfc1 Rac8
21. Rxc8 Rxc8 22. Rxc8+ Bxc8 23. Ne2 Bf5 24. Ba6 Bd7 25. Bd3 Nc6 26. Qc2 Kg7
27. Qc1 Kg8 28. Qc2 Qe7 29. Qc3 Qe6 30. Nf4 Qd6 31. Ne2 Ne7 32. Qc1 Kf8 33. Bg5
Bh8 34. Be3 h5 35. Bf4 Qc6 36. Qxc6 Nxc6 37. Bb5 Ke7 38. Be3 Na5 39. Bd3 Ba4
40. Nc3 Bb3 41. Kf1 Ke6 42. Ne2 Nc4 43. Bc1 Bf6 44. Ke1 Kd7 45. Bb1 Kc6 46. Bd3
a5 47. Bb1 b5 48. Bd3 b4 49. axb4 axb4 50. Bb1 Nd6 51. Be3 Bc4 52. Kd2 Kb5 53.
Nc1 Ka4 54. Bc2+ b3 55. Bd3 Nb5 56. Ne2 Be7 57. Bb1 Bb4+ 58. Kd1 Bxe2+ 59. Kxe2
Bc3 60. Bc1 Bxd4 61. f3 Kb4 62. Kd3 Be5 63. f4 Bf6 64. Bd2+ Kc5 65. Be3+ Kc6
66. Bc1 Nd6 67. Ke2 Nc4 68. Bd3 Nxb2 69. Bxb2 Bxb2 70. h4 Bf6 71. f5 gxf5 72.
g3 f4 73. gxf4 Bxh4 74. Kd2 Bg3 75. Kc3 Bxf4 76. Kxb3 Kc5 77. Kc3 Be5+ 78. Kd2
Kd4 79. Bf5 Bf4+ 80. Ke2 Bg5 81. Bd7 h4 82. Be8 f5 83. Kf3 Ke5 84. Bb5 Be7 85.
Bd3 Bd6 86. Bc2 Kf6 87. Bb3 d4 88. Bc4 h3 89. Bd3 h2 90. Kg2 Kg5 91. Kh1 Kg4
92. Kg2 Bc7 93. Bc4 Bb8 94. Bd3 Bd6 95. Bc4 Be5 96. Bd3 Bb8 97. Bc4 h1=Q+ 98.
Kxh1 Kf3 99. Bd3 f4 100. Kg1 Ke3 101. Bc4 d3 102. Kf1 Bd6 103. Bd5 d2 104. Bb3
Bc5 105. Bd1 Bb6 106. Bc2 f3 107. Bd1 Bc5 108. Bxf3 1/2-1/2

[Event "24th Chicago Open"]
[Site "Wheeling, IL"]
[Date "2015.05.25"]
[Round "8"]
[White "Bregadze, Levan"]
[Black "Patel, Advait"]
[Result "1-0"]
[WhiteElo "2484"]
[BlackElo "2204"]
[PlyCount "61"]
[EventDate "2015.05.??"]
[EventType "swiss"]
[EventRounds "9"]
[EventCountry "USA"]
[Source "MonRoi"]

1. e4 e5 2. Nc3 Nf6 3. g3 d5 4. exd5 Nxd5 5. Bg2 Nxc3 6. bxc3 Bc5 7. Ne2 O-O 8.
d4 Bd6 9. O-O Nd7 10. Be3 Qe7 11. Re1 Nb6 12. Nc1 exd4 13. cxd4 c6 14. Nd3 Qc7
15. Qh5 g6 16. Qh4 Bf5 17. Ne5 Rfe8 18. Bg5 Re6 19. c4 c5 20. Ng4 Bxg4 21. Qxg4
Rae8 22. Rxe6 Rxe6 23. Rd1 Re8 24. Bh6 cxd4 25. Qxd4 Be5 26. Qe4 Re7 27. Qxb7
f5 28. Bd5+ Kh8 29. Qxc7 Bxc7 30. Bg5 Nxd5 31. Bxe7 1-0

[Event "24th Chicago Open"]
[Site "Wheeling, IL"]
[Date "2015.05.25"]
[Round "8"]
[White "Brown, Michael"]
[Black "Betaneli, Alexander"]
[Result "1/2-1/2"]
[WhiteElo "2337"]
[BlackElo "2254"]
[PlyCount "81"]
[EventDate "2015.05.??"]
[EventType "swiss"]
[EventRounds "9"]
[EventCountry "USA"]
[Source "MonRoi"]

1. d4 d5 2. c4 e6 3. Nc3 Be7 4. cxd5 exd5 5. Bf4 c6 6. Qc2 Bd6 7. Bxd6 Qxd6 8.
e3 Qg6 9. Qxg6 hxg6 10. h3 Nf6 11. f3 O-O 12. Kf2 b6 13. Bd3 Ba6 14. Bc2 Rd8
15. Nge2 Nbd7 16. Rad1 Nf8 17. Rd2 Ne6 18. Rhd1 Rac8 19. Ng3 Kf8 20. Bb3 Rc7
21. e4 Bb7 22. a3 Re7 23. exd5 Nxd5 24. Nxd5 cxd5 25. Rc2 f6 26. Nf1 Nf4 27.
Ne3 Kf7 28. Rc3 Ne6 29. Nc2 Nf4 30. Ne3 Ne6 31. Nc2 Nf4 32. Rd2 a5 33. Ba4 Rc8
34. Rb3 Bc6 35. Bxc6 Rxc6 36. Ne3 Rd7 37. Rb5 Rcd6 38. Rb3 Rc7 39. Rb5 Rcd7 40.
Rb3 Rc7 41. Rb5 1/2-1/2

[Event "24th Chicago Open"]
[Site "Wheeling, IL"]
[Date "2015.05.25"]
[Round "8"]
[White "Harper, Ryan"]
[Black "Kretchetov, Alexandre"]
[Result "1/2-1/2"]
[WhiteElo "2246"]
[BlackElo "2338"]
[PlyCount "145"]
[EventDate "2015.05.??"]
[EventType "swiss"]
[EventRounds "9"]
[EventCountry "USA"]
[Source "MonRoi"]

1. e4 e5 2. Nf3 Nc6 3. Bb5 g6 4. d3 Bg7 5. Bg5 Nge7 6. c3 h6 7. Bd2 a6 8. Ba4
d5 9. h3 O-O 10. g4 Be6 11. Bc2 Qd7 12. Qe2 b5 13. Be3 Qd6 14. a3 Rfd8 15. Nbd2
d4 16. cxd4 exd4 17. e5 Nxe5 18. Nxd4 Nxd3+ 19. Bxd3 Bxd4 20. Ne4 Qb6 21. Bxh6
Nd5 22. O-O c5 23. Qf3 f6 24. Rab1 Ra7 25. Rfd1 Rh7 26. Bd2 Kg7 27. Bc3 Nxc3
28. bxc3 Be5 29. Ng5 fxg5 30. Qe4 Ba2 31. Qxe5+ Qf6 32. Qxf6+ Kxf6 33. Bf1 Rhd7
34. Rxd7 Rxd7 35. Rb2 Be6 36. a4 Rd1 37. Kg2 Bd5+ 38. f3 Bxf3+ 39. Kf2 Rc1 40.
axb5 axb5 41. Kxf3 Rxf1+ 42. Ke4 Rf4+ 43. Kd5 Rf3 44. c4 bxc4 45. Rb6+ Kg7 46.
Kxc4 Rxh3 47. Kxc5 Rf3 48. Rb1 Kf6 49. Kd5 Rd3+ 50. Ke4 Rg3 51. Rb6+ Kg7 52.
Ra6 Rxg4+ 53. Kf3 Rb4 54. Ra3 Kh6 55. Kg3 Kh5 56. Rc3 Rb5 57. Ra3 g4 58. Rc3
Rf5 59. Rc8 Rf3+ 60. Kg2 Ra3 61. Rb8 Kg5 62. Rc8 g3 63. Rb8 Kg4 64. Rb4+ Kh5
65. Rb8 g5 66. Rb4 Rd3 67. Ra4 Re3 68. Rb4 Kg6 69. Ra4 Kf5 70. Rb4 Re4 71. Rxe4
Kxe4 72. Kxg3 g4 73. Kxg4 1/2-1/2

[Event "24th Chicago Open"]
[Site "Wheeling, IL"]
[Date "2015.05.25"]
[Round "8"]
[White "Niemann, Hans"]
[Black "Santarius, Erik"]
[Result "1/2-1/2"]
[WhiteElo "2181"]
[BlackElo "2308"]
[PlyCount "89"]
[EventDate "2015.05.??"]
[EventType "swiss"]
[EventRounds "9"]
[EventCountry "USA"]
[Source "MonRoi"]

1. d4 d5 2. c4 e6 3. Nf3 Nf6 4. g3 dxc4 5. Bg2 c5 6. O-O Nc6 7. Qa4 Bd7 8. Qxc4
cxd4 9. Nxd4 Rc8 10. Nxc6 Bxc6 11. Bxc6+ Rxc6 12. Qb5 Qc8 13. Nc3 Be7 14. Qa4
a6 15. Bg5 O-O 16. Rfd1 Rc4 17. Qb3 Qc6 18. Rac1 Rc8 19. Nb1 Rxc1 20. Rxc1
Qxc1+ 21. Bxc1 Rxc1+ 22. Kg2 Rxb1 23. Qxb7 Bf8 24. b3 a5 25. Qa6 Rb2 26. Qxa5
Rxe2 27. a4 Rb2 28. Qb6 Nd5 29. Qb8 Nb4 30. a5 Ra2 31. Qb6 Ra3 32. h4 h5 33.
Kh3 g6 34. Kg2 Ra1 35. Kh3 Rc1 36. Qb7 Ra1 37. Qb6 Ra2 38. Kg2 Rc2 39. Qb7 Rc6
40. Qb5 Ra6 41. g4 hxg4 42. h5 gxh5 43. Qg5+ Bg7 44. Qb5 Bf8 45. Qg5+ 1/2-1/2

[Event "24th Chicago Open"]
[Site "Wheeling, IL"]
[Date "2015.05.25"]
[Round "8"]
[White "Ulrich, Rachel"]
[Black "Li, Ruifeng"]
[Result "1/2-1/2"]
[WhiteElo "2091"]
[BlackElo "2426"]
[PlyCount "118"]
[EventDate "2015.05.??"]
[EventType "swiss"]
[EventRounds "9"]
[EventCountry "USA"]
[Source "MonRoi"]

1. e4 c5 2. Nf3 d6 3. d4 cxd4 4. Nxd4 Nf6 5. Nc3 a6 6. Be3 e5 7. Nb3 Be6 8. f3
Be7 9. Qd2 h5 10. O-O-O Nbd7 11. Kb1 Rc8 12. Nd5 Nxd5 13. exd5 Bf5 14. Bd3 Bxd3
15. Qxd3 Bg5 16. Bf2 b5 17. h4 Be7 18. Qd2 Qc7 19. g4 hxg4 20. fxg4 Nf6 21. g5
Ne4 22. Qe2 Qxc2+ 23. Qxc2 Rxc2 24. Be1 Rc8 25. Rg1 Kd7 26. Na5 f5 27. gxf6
gxf6 28. Nc6 Rcg8 29. Rf1 Ng3 30. Rf3 Ne2 31. Ra3 Ra8 32. Bf2 f5 33. Rf3 Bxh4
34. Bxh4 Rxh4 35. Rxf5 Rh7 36. Rg5 Nf4 37. Nb4 a5 38. Nc2 Nxd5 39. a4 Kc6 40.
axb5+ Kc5 41. Na3 Nf6 42. Rg6 Rf8 43. Rc1+ Kd5 44. Rd1+ Ke6 45. Nc4 d5 46. Nxa5
Ra7 47. Nc6 Rb7 48. Re1 e4 49. Rf1 Rbf7 50. b6 Rb7 51. Rgxf6+ Rxf6 52. Nd8+ Ke7
53. Rxf6 Kxd8 54. Rd6+ Ke7 55. Rxd5 Rxb6 56. Re5+ Re6 57. Rxe6+ Kxe6 58. Kc2
Ke5 59. Kd2 Kd4 1/2-1/2

[Event "24th Chicago Open"]
[Site "Wheeling, IL"]
[Date "2015.05.25"]
[Round "8"]
[White "Virkud, Apurva"]
[Black "Colas, Joshua"]
[Result "0-1"]
[WhiteElo "2132"]
[BlackElo "2292"]
[PlyCount "136"]
[EventDate "2015.05.??"]
[EventType "swiss"]
[EventRounds "9"]
[EventCountry "USA"]
[Source "MonRoi"]

1. d4 Nf6 2. c4 e6 3. Nc3 Bb4 4. Qc2 O-O 5. a3 Bxc3+ 6. Qxc3 b6 7. f3 d5 8. Bg5
c6 9. e3 Bb7 10. Bd3 Nbd7 11. Nh3 h6 12. Bh4 Rc8 13. O-O c5 14. Rad1 cxd4 15.
Qxd4 e5 16. Qc3 b5 17. Qb4 bxc4 18. Bxf6 Nxf6 19. Qxb7 cxd3 20. Rxd3 Qd6 21.
Qb3 Rb8 22. Qc2 a5 23. Nf2 Qb6 24. Rb1 Rfc8 25. Qd1 Rc5 26. b4 Rc4 27. Rdb3 a4
28. Rd3 Qb5 29. Ng4 Nxg4 30. fxg4 Rd8 31. h3 e4 32. Rd4 Rc3 33. Rc1 Rxa3 34.
Rc5 Qb8 35. Qc1 Rb3 36. Rdxd5 Rxd5 37. Rxd5 Rxb4 38. Rd1 Kh7 39. Qc2 a3 40. Rc1
Qg3 41. Qc5 Rb5 42. Qxa3 Rd5 43. Qc3 h5 44. gxh5 Rg5 45. Rc2 Qxh3 46. Qd4 Qg4
47. Rf2 f5 48. Qd6 Rxh5 49. Qf4 Qxf4 50. Rxf4 Kg6 51. Rf1 Kg5 52. Rf4 Rh4 53.
Rf1 g6 54. Rf2 Rh7 55. Rc2 Kg4 56. Kf2 Rh1 57. Rc6 g5 58. Rg6 Ra1 59. Rg8 Ra2+
60. Kf1 Kh4 61. Rg7 g4 62. Rf7 Kg3 63. Rxf5 Ra1+ 64. Ke2 Kxg2 65. Rf4 g3 66.
Rg4 Ra2+ 67. Ke1 Kf3 68. Rg6 g2 0-1

[Event "24th Chicago Open"]
[Site "Wheeling, IL"]
[Date "2015.05.25"]
[Round "9.1"]
[White "Xiong, Jeffery"]
[Black "Batista, Lazaro"]
[Result "1-0"]
[WhiteElo "2497"]
[BlackElo "2684"]
[PlyCount "122"]
[EventDate "2015.05.??"]
[EventType "swiss"]
[EventRounds "9"]
[EventCountry "USA"]
[Source "MonRoi"]

1. e4 e5 2. Nf3 Nc6 3. Bb5 Nf6 4. O-O Nxe4 5. d4 Nd6 6. Bxc6 dxc6 7. dxe5 Nf5
8. Qxd8+ Kxd8 9. Rd1+ Ke8 10. Nc3 Ne7 11. h3 Ng6 12. b3 Bd7 13. Bb2 Nf4 14. Rd4
Ne6 15. Rd2 Rd8 16. Rad1 Be7 17. Ne2 c5 18. Nc3 Bc6 19. Nd5 h5 20. c4 Rd7 21.
Rd3 Bd8 22. Nd2 h4 23. Nf1 Bg5 24. Nh2 Rh5 25. Ng4 Kd8 26. Bc3 Kc8 27. Bd2 b6
28. Bxg5 Rxg5 29. Kh2 Rh5 30. f3 a5 31. Kg1 a4 32. Kf2 axb3 33. axb3 Kb7 34.
Nde3 Re7 35. Nd5 Re8 36. b4 cxb4 37. Nxb4 Rhh8 38. Ne3 Ba4 39. Ra1 Ra8 40. Rda3
Nc5 41. Nbd5 Rhe8 42. f4 g5 43. fxg5 Rxe5 44. Nc3 Nd3+ 45. Ke2 Rae8 46. Nxa4
Rxe3+ 47. Kd2 Re2+ 48. Kxd3 R8e3+ 49. Kd4 c5+ 50. Nxc5+ bxc5+ 51. Kxc5 Rxa3 52.
Rxa3 Rxg2 53. Kd6 Rg3 54. Ra5 Rxh3 55. Rf5 Rd3+ 56. Ke7 h3 57. Rxf7 h2 58. Rh7
Rd2 59. g6 Rf2 60. g7 Re2+ 61. Kd6 Rd2+ 1-0

[Event "24th Chicago Open"]
[Site "Wheeling, IL"]
[Date "2015.05.25"]
[Round "9.3"]
[White "Georgiev, Vladimir"]
[Black "Naroditsky, Daniel"]
[Result "1/2-1/2"]
[WhiteElo "2550"]
[BlackElo "2622"]
[PlyCount "41"]
[EventDate "2015.05.??"]
[EventType "swiss"]
[EventRounds "9"]
[EventCountry "USA"]
[Source "MonRoi"]
[WhiteClock "0:56:58"]
[BlackClock "0:57:52"]

1. d4 Nf6 2. c4 e6 3. Nc3 Bb4 4. e3 O-O 5. Bd3 d5 6. Nf3 c5 7. O-O cxd4 8. exd4
dxc4 9. Bxc4 b6 10. Bg5 Bb7 11. Rc1 Nbd7 12. Qe2 Be7 13. Rfd1 Re8 14. Bf4 a6
15. Ne5 Nf8 16. Bg3 b5 17. Bd3 Ng6 18. Ne4 Qd5 19. f3 Nh5 20. Nxg6 hxg6 21. Be5
1/2-1/2

[Event "24th Chicago Open"]
[Site "Wheeling, IL"]
[Date "2015.05.25"]
[Round "9.4"]
[White "Azarov, Sergei"]
[Black "Sevian, Samuel"]
[Result "1/2-1/2"]
[WhiteElo "2619"]
[BlackElo "2565"]
[PlyCount "45"]
[EventDate "2015.05.??"]
[EventType "swiss"]
[EventRounds "9"]
[EventCountry "USA"]
[Source "MonRoi"]
[WhiteClock "1:19:27"]
[BlackClock "1:22:04"]

1. e4 e5 2. Nf3 Nc6 3. Bb5 a6 4. Ba4 Nf6 5. O-O Be7 6. Re1 b5 7. Bb3 O-O 8. d3
d6 9. c3 Na5 10. Bc2 c5 11. Nbd2 Nc6 12. Nf1 h6 13. Ng3 Re8 14. h3 Bf8 15. d4
cxd4 16. cxd4 exd4 17. Nxd4 Nxd4 18. Qxd4 Be6 19. Bf4 Rc8 20. Bb3 d5 21. Rad1
Bc5 22. Qd2 dxe4 23. Bxe6 1/2-1/2

[Event "24th Chicago Open"]
[Site "Wheeling, IL"]
[Date "2015.05.25"]
[Round "9"]
[White "Nyzhnyk, Illia"]
[Black "Fishbein, Alexander"]
[Result "1-0"]
[WhiteElo "2622"]
[BlackElo "2499"]
[PlyCount "99"]
[EventDate "2015.05.??"]
[EventType "swiss"]
[EventRounds "9"]
[EventCountry "USA"]
[Source "MonRoi"]

1. d4 Nf6 2. Nf3 g6 3. g3 Bg7 4. Bg2 O-O 5. c4 d6 6. Nc3 Nbd7 7. O-O e5 8. e4
c6 9. h3 Qb6 10. Re1 exd4 11. Nxd4 Ne8 12. Nc2 Ne5 13. Be3 Qa5 14. Bf1 Be6 15.
Na3 Qb4 16. Qe2 f5 17. f4 Nf7 18. exf5 Bxf5 19. Qd2 h5 20. Rad1 Nf6 21. Qc1
Rfe8 22. Nc2 Qa5 23. Nd4 Nh6 24. Nxf5 Nxf5 25. Bf2 Qc7 26. Be2 Qf7 27. Qd2 Ne4
28. Nxe4 Rxe4 29. Bd3 Rxe1+ 30. Rxe1 Re8 31. Rxe8+ Qxe8 32. Bxf5 gxf5 33. Qxd6
Bxb2 34. Qb4 Bg7 35. Qxb7 Bd4 36. Qb1 Qd7 37. Qc2 c5 38. Qe2 Kg7 39. Kf1 Bxf2
40. Kxf2 Kg6 41. Qe3 Qd1 42. Qe6+ Kg7 43. Qe7+ Kg6 44. Qg5+ Kf7 45. Qxf5+ Kg7
46. Qe5+ Kh7 47. Qe2 Qd4+ 48. Kg2 h4 49. gxh4 Qxf4 50. Qh5+ 1-0

[Event "24th Chicago Open"]
[Site "Wheeling, IL"]
[Date "2015.05.25"]
[Round "9"]
[White "Friedel, Joshua"]
[Black "Chirila, Ioan"]
[Result "1/2-1/2"]
[WhiteElo "2505"]
[BlackElo "2542"]
[PlyCount "85"]
[EventDate "2015.05.??"]
[EventType "swiss"]
[EventRounds "9"]
[EventCountry "USA"]
[Source "MonRoi"]

1. d4 Nf6 2. c4 g6 3. g3 Bg7 4. Bg2 d5 5. cxd5 Nxd5 6. Nf3 O-O 7. O-O Nb6 8.
Nc3 Nc6 9. e3 Re8 10. a3 Bd7 11. Ne1 e5 12. d5 Ne7 13. e4 c6 14. Nd3 cxd5 15.
exd5 Nf5 16. Nc5 Nd6 17. Ra2 f5 18. b4 Nbc4 19. h4 h6 20. Qb3 Rc8 21. Rd1 Qe7
22. Nxd7 Qxd7 23. Na4 b6 24. Nb2 e4 25. Nxc4 Rxc4 26. Rc2 Rec8 27. Rxc4 Rxc4
28. Bb2 Bxb2 29. Qxb2 Qg7 30. Qd2 g5 31. hxg5 Qxg5 32. Qb2 Qg7 33. Qd2 Qg5 34.
Qb2 e3 35. Qe5 exf2+ 36. Kxf2 Ne4+ 37. Bxe4 Rxe4 38. Qb8+ Kf7 39. Qc7+ Re7 40.
Qc4 Re4 41. Qc7+ Re7 42. Qc4 Re4 43. Qc7+ 1/2-1/2

[Event "24th Chicago Open"]
[Site "Wheeling, IL"]
[Date "2015.05.25"]
[Round "9"]
[White "Kiewra, Keaton"]
[Black "Macieja, Bartlomiej"]
[Result "1/2-1/2"]
[WhiteElo "2394"]
[BlackElo "2605"]
[PlyCount "82"]
[EventDate "2015.05.??"]
[EventType "swiss"]
[EventRounds "9"]
[EventCountry "USA"]
[Source "MonRoi"]

1. d4 Nf6 2. Nf3 e6 3. Bg5 h6 4. Bh4 b6 5. Nbd2 Bb7 6. e3 Be7 7. c3 c5 8. h3
cxd4 9. exd4 Ne4 10. Bxe7 Qxe7 11. Nxe4 Bxe4 12. Bd3 Bb7 13. O-O d6 14. a4 a6
15. Qe2 Nd7 16. Nd2 O-O 17. Nc4 Rfe8 18. Qg4 e5 19. Rfe1 e4 20. Qf4 d5 21. Nd6
g5 22. Qg3 f5 23. Nxf5 Qf8 24. Nd6 exd3 25. Rxe8 Rxe8 26. Nxe8 Qxe8 27. Qxd3
Nf6 28. Qd2 Kf7 29. a5 b5 30. Re1 Qd8 31. Qe3 Bc8 32. Qe5 Qd7 33. Re3 Qe6 34.
Qc7+ Qd7 35. Qb6 Qb7 36. Qd8 Qd7 37. Qh8 g4 38. Qxh6 Qf5 39. Qh4 gxh3 40. Rf3
Qg6 41. Qg3 h2+ 1/2-1/2

[Event "24th Chicago Open"]
[Site "Wheeling, IL"]
[Date "2015.05.25"]
[Round "9"]
[White "Shetty, Atulya"]
[Black "Stukopin, Andrey"]
[Result "1-0"]
[WhiteElo "2331"]
[BlackElo "2573"]
[PlyCount "151"]
[EventDate "2015.05.??"]
[EventType "swiss"]
[EventRounds "9"]
[EventCountry "USA"]
[Source "MonRoi"]

1. c4 e5 2. g3 Nc6 3. Nc3 d6 4. Bg2 Be6 5. d3 Qd7 6. b4 g6 7. b5 Nd8 8. Rb1 Bg7
9. Nd5 c6 10. bxc6 bxc6 11. Nc3 Ne7 12. Nf3 h6 13. Bd2 O-O 14. Qc1 Kh7 15. O-O
f5 16. Qa3 g5 17. Rfc1 Rc8 18. Rb4 f4 19. Ne4 c5 20. Rb2 g4 21. Ne1 Nec6 22.
Rcb1 Nd4 23. Bc3 Rf7 24. Qa6 Rc6 25. Qa4 Kg6 26. Bxd4 exd4 27. Nd2 Rc7 28. Be4+
Kg5 29. Qxd7 Rfxd7 30. Ng2 fxg3 31. hxg3 Be5 32. Rb8 Kf6 33. Nh4 Nf7 34. Rg8
Ng5 35. Rg6+ Kf7 36. Rxh6 Bf6 37. Kg2 Kg7 38. Rg6+ Kf7 39. Rh6 Kg7 40. Rg6+ Kf7
41. Rb8 d5 42. cxd5 Bxd5 43. Bxd5+ Rxd5 44. Rgg8 Bg7 45. Nc4 Re7 46. Kf1 Ne6
47. Rgc8 Bf6 48. e4 dxe3 49. Nxe3 Rxd3 50. Nhf5 Red7 51. Nxg4 Ba1 52. Kg2 R3d5
53. Nfe3 Rd2 54. Rc6 Bg7 55. Ra6 R2d4 56. Rc8 R4d6 57. Rcc6 Rxc6 58. Rxc6 Bc3
59. Nc4 Ke7 60. Ra6 Rc7 61. Nge3 Rd7 62. Ng4 Rc7 63. f4 Nd4 64. Nge3 Rd7 65.
Ne5 Rd8 66. Rxa7+ Kf6 67. Ra6+ Ke7 68. f5 Kf8 69. g4 Re8 70. N3c4 Ne2 71. Ng6+
Kg8 72. g5 Re4 73. Kf3 Rxc4 74. Kxe2 Rg4 75. Ne7+ Kf8 76. Nd5 1-0

[Event "24th Chicago Open"]
[Site "Wheeling, IL"]
[Date "2015.05.25"]
[Round "9"]
[White "Vibbert, Sean"]
[Black "Troff, Kayden"]
[Result "1/2-1/2"]
[WhiteElo "2312"]
[BlackElo "2556"]
[PlyCount "53"]
[EventDate "2015.05.??"]
[EventType "swiss"]
[EventRounds "9"]
[EventCountry "USA"]
[Source "MonRoi"]

1. e4 c5 2. Nc3 d6 3. g3 Nc6 4. d3 g6 5. Bg2 Bg7 6. Be3 e5 7. f4 Nge7 8. Nf3
Nd4 9. O-O Bg4 10. fxe5 dxe5 11. Nd5 O-O 12. c3 Nxf3+ 13. Bxf3 Bxf3 14. Qxf3
Nxd5 15. exd5 b6 16. c4 a5 17. Rae1 Qd7 18. Bd2 Rae8 19. Bc3 Qa4 20. Qg2 Qd7
21. Re2 f6 22. b3 Rf7 23. a4 Rff8 24. Bb2 Rf7 25. Kh1 Rff8 26. Bc3 Rf7 27. Bb2
1/2-1/2

[Event "24th Chicago Open"]
[Site "Wheeling, IL"]
[Date "2015.05.25"]
[Round "9"]
[White "Carmenate, Holden"]
[Black "Homa, Seth"]
[Result "1/2-1/2"]
[WhiteElo "2544"]
[BlackElo "2366"]
[PlyCount "62"]
[EventDate "2015.05.??"]
[EventType "swiss"]
[EventRounds "9"]
[EventCountry "USA"]
[Source "MonRoi"]

1. e4 c5 2. Nc3 Nc6 3. g3 g6 4. Nge2 Bg7 5. Bg2 d6 6. d3 e5 7. O-O Nge7 8. Be3
O-O 9. Qd2 Nd4 10. f4 Be6 11. Rf2 Qd7 12. Raf1 f6 13. Nc1 Rac8 14. Nd1 b6 15.
c3 Ndc6 16. c4 Nd4 17. Nc3 exf4 18. Bxf4 f5 19. Nd5 Nec6 20. Ne2 Nxe2+ 21. Rxe2
Nd4 22. Ree1 Bxd5 23. cxd5 fxe4 24. Rxe4 Rfe8 25. Rfe1 Bf8 26. Re6 Nxe6 27. Bh3
Nd4 28. Bxd7 Rxe1+ 29. Kf2 Re2+ 30. Qxe2 Nxe2 31. Bxc8 Nxf4 1/2-1/2